ALL Kanye West Songs (as of 2025) - Statistics

General Stats
  • This quiz has been taken 4,433 times
    2,822 since last reset
  • The average score is 103 of 273
Answer Stats
Answers % Correct
GOOD (DON'T DIE)
82%
Runaway
78%
Good Morning
77%
All Falls Down
76%
Flashing Lights
75%
Heartless
75%
Bound 2
74%
Stronger
74%
Ghost Town
73%
All Of The Lights
72%
Through The Wire
71%
Dark Fantasy
70%
Devil In A New Dress
70%
I Wonder
70%
POWER
70%
Father Stretch My Hands Pt. 1
69%
Good Night
69%
Homecoming
69%
Monster
68%
Violent Crimes
68%
Drunk and Hot Girls
67%
Gold Digger
67%
Champion
66%
Jesus Walks
66%
Barry Bonds
64%
Niggas In Paris
64%
On Sight
64%
Saint Pablo
64%
Black Skinhead
63%
Can't Tell Me Nothing
63%
CARNIVAL
63%
Donda
63%
Good Life
63%
Gorgeous
63%
Spaceship
63%
Touch The Sky
63%
We Don't Care
63%
Last Call
62%
Pt. 2
62%
Big Brother
60%
Family Business
60%
I Thought About Killing You
60%
The New Workout Plan
60%
No More Parties In LA
59%
Ultralight Beam
59%
Blame Game
58%
No Church In The Wild
58%
Otis
58%
Skit #1
58%
All Of The Lights (Interlude)
57%
Diamonds From Sierra Leone
57%
New Slaves
57%
Skit #2
57%
Who Will Survive In America
57%
Hell Of A Life
56%
Intro
56%
Lost In The World
56%
Skit #3
56%
So Appalled
56%
Blood On The Leaves
55%
Famous
55%
Roses
55%
All Mine
54%
Heard 'Em Say
54%
Skit #4
54%
Wolves
54%
Everything I Am
53%
God Is
53%
Late
53%
Slow Jamz
53%
Welcome To Heartbreak
53%
Yikes
53%
Hey Mama
52%
Street Lights
52%
Two Words
52%
We Major
52%
Kids See Ghosts
51%
Paranoid
51%
RoboCop
51%
School Spirit
51%
School Spirit Skit 1
51%
School Spirit Skit 2
51%
Wake Up Mr. West
51%
Workout Plan
51%
BURN
50%
Cold
50%
Cold.1
50%
Donda Chant
50%
The Glory
50%
Waves
50%
4th Dimension
49%
Hold My Liquor
49%
I Am A God
49%
Reborn
49%
Drive Slow
47%
Follow God
47%
Jail
47%
Life Of The Party
46%
Off The Grid
46%
Pinocchio Story
46%
Coldest Winter
45%
Cudi Montage
45%
Freeee (Ghost Town Pt. 2)
45%
Guilt Trip
45%
Hurricane
45%
Lil Jimmy Skit
45%
Never Let Me Down
45%
No Mistakes
45%
STARS
45%
Graduation Day
44%
Love Lockdown
44%
Moon
43%
Say You Will
43%
Addiction
42%
Breathe In Breathe Out
42%
Amazing
41%
Diamonds From Sierra Leone (Remix)
41%
Fire
41%
30 Hours
40%
530
40%
Gone
40%
I'm In It
40%
Jail pt 2
40%
Get Em High
39%
VULTURES
39%
Wouldn't Leave
39%
Closed On Sunday
38%
Crack Music
38%
Fade
38%
Highlights
38%
On God
38%
Selah
38%
Send It Up
38%
Water
38%
FIELD TRIP
37%
I'll Fly Away
37%
Junya
37%
KING
37%
Praise God
37%
BOMB
36%
Celebration
36%
FML
36%
Frank's Track
36%
I Love Kanye
36%
Mercy
36%
Mercy.1
36%
Feel The Love
35%
Low Lights
35%
Jesus Lord
34%
Real Friends
34%
See You In My Nightmares
34%
BACK TO ME
33%
Junya pt 2
33%
True Love
33%
FUK SUMN
32%
H•A•M
32%
Bad News
31%
Don't Like.1
31%
Feedback
31%
HOODRAT
31%
Ok Ok
31%
RIVER
31%
Siiiiiiiiilver Surffffeeeeer Intermission
31%
SLIDE
31%
24
30%
Come to Life
30%
Facts (Charlie Heat Version)
30%
Freestyle 4
30%
FRIED
30%
HUSBAND
30%
Jesus Lord pt 2
30%
Pablo
30%
PROBLEMATIC
30%
Remote Control
30%
SKY CITY
30%
Use This Gospel
30%
Jesus Is Lord
29%
Ok Ok pt 2
29%
Bring Me Down
28%
Lift Off
28%
My Way Home
28%
No Child Left Behind
28%
TALKING
28%
KEYS TO MY LIFE
27%
PAID
27%
PAPERWORK
27%
Every Hour
26%
DO IT
25%
FourFiveSeconds
24%
Made In America
24%
PROMOTION
24%
Remote Control pt 2
24%
Why I Love You
24%
BEG FORGIVENESS
23%
Believe What I Say
23%
Everything We Need
23%
FOREVER
23%
Forever
23%
The Morning
23%
Jonah
22%
New Day
22%
See Me Now
22%
That's My Bitch
22%
Welcome To The Jungle
22%
I Love It
21%
Lift Yourself
21%
Murder To Excellence
21%
All Day
20%
Heaven and Hell
20%
TIME MOVING SLOW
20%
God Breathed
19%
Hands On
19%
ISABELLA
19%
New God Flow
19%
New God Flow.1
19%
Tell The Vision
19%
DEAD
18%
FOREVER ROLLING
18%
Illest Motherfucker Alive
18%
Keep My Spirit Alive
18%
MY SOUL
18%
Pure Souls
18%
Broken Road
17%
Clique
17%
Eazy
17%
Gotta Have It
17%
LIFESTYLE
17%
Only One
17%
XTCY
17%
City of Gods
16%
Happy
16%
Primetime
16%
The Joy
16%
Who Gon Stop Me
16%
New Again
15%
White Dress
15%
Christmas in Harlem
14%
Keep My Spirit Alive pt 2
14%
Never Abandon Your Family
14%
Up From The Ashes
14%
Flowers
13%
Lord I Need You
13%
Security
13%
Sci Fi
12%
We Did It Kid
12%
Ye vs. the People
12%
Wash Us In The Blood
11%
Champions
10%
Creepers
10%
Louie Bags
10%
Sin City
10%
Christian Dior Denim Flow
9%
First Time in a Long Time
9%
Get Lost
9%
Selfish
9%
The One
9%
Too Easy
9%
To The World
9%
G.O.O.D. Friday
8%
Nah Nah Nah
8%
Power (Remix)
8%
Bliss
7%
Lord Lift Me Up
7%
Impossible
6%
Higher
5%
Chain Heavy
3%
Don't Look Down
3%
Don't Stop!
3%
Hot Shit
3%
Looking for Trouble
3%
Lord Lord Lord
3%
Take One for the Team
3%
Classic (Better Than I've Ever Been)
2%
No matching quizzes found
Score Distribution
Percent of People with Each Score
Percentile by Number Answered
Your Score History
You have not taken this quiz since the last reset